Mediterranean type ecosystems: origin and structure

Enregistré dans:
Détails bibliographiques
Auteur principal: Di Castri, Francesco (Auteur)
Autres auteurs: Mooney, Harold A. (autor)
Format: Livre
Langue:anglais
Publié: Nueva York Springer-Verlag 1973
Collection:Ecological studies, 7
Sujets:
Tags: Ajouter un tag
Pas de tags, Soyez le premier à ajouter un tag!

MARC

LEADER 00000nam a2200000 a 4500
001 UCV5193
003 CL-VaPUC
008 920826e19730000US |||||||||||||||||eng|d
082 0 4 |a 577.5  |b DIC  |2 21 
100 |a Di Castri, Francesco  |e author  |9 299491 
700 |a Mooney, Harold A.  |e autor  |9 358456 
245 1 0 |a Mediterranean type ecosystems: origin and structure 
300 |a 405 p 
942 |c BK 
945 |d 19920826 00:00:00 
260 |a Nueva York  |b Springer-Verlag  |c 1973 
650 0 |a Ecología   |9 258124 
650 7 |a BIOCLIMATOLOGIA  |2 CL-VaPUC  |9 261834 
650 7 |a CLIMA MEDITERRANEO  |2 CL-VaPUC  |9 261835 
650 0 |a Ecosistemas  |9 261477 
583 |a last modification  |c 19920826 00:00:00  |k Rodrigo Vera 
490 0 |a Ecological studies, 7 
999 |c 211780  |d 211778 
952 |0 0  |1 0  |2 ddc  |4 0  |6 577_500000000000000_DIC_1973  |7 0  |8 CCM  |9 191688  |a BIBCUR  |b BIBCUR  |c PAC  |d 2019-11-14  |i 2592215  |o 577.5 DIC 1973  |p 2592215  |r 2025-04-22  |w 2019-11-14  |y BK  |k CIM